Solvent Crazing of Polymers /

Gespeichert in:
Bibliographische Detailangaben
Hauptverfasser: Volynskii, A.L (Verfasst von), Bakeev, N.F (Verfasst von)
Format: Buch
Sprache:Englisch
Veröffentlicht: Amsterdam : Elsevier Science, 1995
Tags: Tag hinzufügen
Keine Tags, Fügen Sie das erste Tag hinzu!

MARC

LEADER 00000nam a22000003a 4500
001 stu16340
005 20190206122858.3
008 970717s1995----ne------------------eng-d
020 |a 0-444-81848-0 
040 |a STU  |b slo 
041 0 |a eng 
044 |a ne 
080 |a 678.01 
100 1 |a Volynskii, A.L  |4 aut 
245 1 |a Solvent Crazing of Polymers /  |c [aut.]Volynskii,A.L., Bakeev,N.F 
260 |a Amsterdam :  |b Elsevier Science,  |c 1995 
300 |a 410 s :  |b Obr.,tab.,grafy,register 
700 1 |a Bakeev, N.F  |4 aut 
996 |b C94913  |c C*94913  |l CCXXIVA  |s P  |a 0  |w stu16340_0001